=LDR 00000nam 2200000 4500 =001 INLIS000000000034348 =005 20180320010834 =035 ##$$a 0010-061300000034348 =008 180320###########################0#ind## =041 ##$$a ind =082 ##$$a 352.729 598 =090 ##$$a 352.729 598, Rit p =100 ##$$a RITONGA, Irwan Taufiq =245 1#$$a Perencanaan dan penganggaran keuangan Daerah di Indonesia, Irwan Taufiq Ritonga, Saifuddin Zuhri, Pradiastuti =260 ##$$a 2009 :$b Yogyakarta =300 ##$$a xii, 285 hlm, 23 cm =650 ##$$a Keuangan Daerah - Indonesia =850 ##$$a NBPNMAT =084 ##$$a 352.729 598 RIT p =710 ##$$a Zuhri, Saifuddin =990 ##$$a 0001/BPAP-NTB/20142015 =990 ##$$a 61336133 =990 ##$$a 21005712 =990 ##$$a 0001/BPAP-NTB/20142015